000 00950nam a2200217 a 4500
001 55205
003 BD-RjUL
005 20211209080231.0
008 161115s1972 ii ||||| |||| 00| 0 ben d
035 _a(BD-RjUL)55327
040 _aBD-RjUL
_bben
_cBD-RjUL
041 _aben
082 _223
_a891.4409
_bMUR 1972
100 _aমুখোপাধ্যায়, প্রভাতকুমার
_9164481
245 1 0 _aরামমোহন ও তৎকালীন সমাজ ও সাহিত্য /
_cপ্রভাতকুমার মুখোপাধ্যায়
260 _aকলিকাতা :
_bবিশ্বভারতী,
_c১৯৭২
300 _a[১০], ৪৯৫ পৃ. ;
_c২১ সেমি .
650 _aবাংলা সাহিত্য
_xইতিহাস ও সমালোচনা
_9164482
650 _aBenagali Literature
_xHistory & Criticism
_9164483
942 _2ddc
_cBK
999 _c55205
_d55205